Statistics for Countries Closest to Malaysia - One Minute Sprint

Click here to take the quiz!

General Stats

  • This quiz has been taken 117 times
  • The average score is 15 of 20

Answer Stats

kmcountrymiles% Correct
0Thailand0
98%
0Indonesia0
97%
0Brunei0
91%
1Singapore1
91%
945Laos587
90%
390Vietnam242
90%
634India394
89%
1453China903
88%
405Myanmar252
86%
502Cambodia312
85%
53Philippines33
77%
1594Timor Leste991
71%
1779Bangladesh1106
67%
2250Australia1398
61%
1965Sri Lanka1221
60%
1664Taiwan1034
59%
2411Bhutan1498
57%
2537Nepal1577
56%
1983Japan1232
52%
1339Palau832
24%

Score Distribution

Percentile by Number Answered

Percent of People with Each Score

Your Score History

You have not taken this quiz